| 000 | 00385nam a2200145Ia 4500 | ||
|---|---|---|---|
| 008 | 230312s9999||||xx |||||||||||||| ||und|| | ||
| 020 | _a0-471-37030-4 | ||
| 082 |
_a612 _bABR-B |
||
| 100 | _aAbraham;Donald.J | ||
| 245 | 0 | _aBurgur's Medicinal Chemistry Drug Discovery | |
| 260 |
_bWiley Interscience _aIndia |
||
| 300 | _a702 | ||
| 650 |
_aPharmacy _vMedicinal Chemistry |
||
| 942 | _cBK | ||
| 999 |
_c10889 _d10889 |
||